00499cam a2200181 a 4500020001500000040000800015082002600023100003200049245004600081250001400127260003700141300004500178650001400223650000900237650001400246700002600260700003100286 a0314597433 cDLC a613 WES 1988 A052 Co.1 aHamilton, Eva May Nunnelley10aNutrition :bconcepts and controversies / a4th ed. / aSt. Paul :bWest Pub. Co,cc1988 axvi, 736 p. :bill. (some col.) ;c26 cm 0aNutrition 0aFood 2aNutrition1 aWhitney, Eleanor Noss1 aSizer, Frances Sienkiewicz